History Quiz

Random History or Country Quiz
Score 0/23 Timer 10:00
0 Plays Today
Wars Countries % Correct
Korean War, First, Second and Third (21st answer) Straight Crisis, Vietnam WarUnited States
95.3%
Korean WarFrance
91.1%
Sino-Soviet Border Conflict: Zhenbao Island IncidentRussia
91.1%
Korean WarUnited Kingdom
90.5%
Korean War, Vietnam WarSouth Korea
89.9%
Sino-____ War, Nathu La and Cho La clashesIndia
88.2%
Vietnam War, Battle of the Paracel Islands, Sino-Vietnamese war, Sino-Vietnamese conflictsVietnam
88.2%
Korean WarCanada
79.9%
Korean War, Vietnam WarAustralia
78.1%
Vietnam WarLaos
77.5%
Vietnam WarCambodia
72.8%
Korean War, Vietnam WarThailand
71.6%
Wars Countries % Correct
Chinese Civil War, First, Second and Third _____ Straight Crisis, China-Burma border campaignTaiwan
69.8%
Korean War, Vietnam WarNew Zealand
68.6%
Korean War, Vietnam WarPhilippines
63.9%
Korean WarBelgium
59.8%
Korean WarNetherlands
58.6%
Korean WarTurkey
52.7%
Korean WarGreece
46.7%
Korean WarSouth Africa
45.6%
Korean WarLuxembourg
37.9%
Korean WarColombia
26%
Korean WarEthiopia
26%
Remove Ads.
Support Sporcle.
Get the best of Sporcle when you Go Orange. This ad-free experience offers more features, more stats, and more fun while also helping to support Sporcle. Thank you for becoming a member.

You're not logged in!

Compare scores with friends on all Sporcle quizzes.
OR
Log In

Show Comments

Extras

Created Nov 29, 2020ReportNominate
Tags:Country Quiz, War Quiz, china

Top Quizzes Today


Score Distribution

Your Account Isn't Verified!

In order to create a playlist on Sporcle, you need to verify the email address you used during registration. Go to your Sporcle Settings to finish the process.

Report this User

Report this user for behavior that violates our Community Guidelines.

Details: